LEADER 01053nam a2200229 i 4500 001 000000152147 003 CaOOAMICUS 005 20060725000000.0 008 060725s1961 it u000 u ita u 013 $a129488 040 $aSeMil$bita 100 1 $aMorelli, P.A.$0(OLS)http://semarc/name/59729 245 13$aLa spiritualitā missionaria del Patriarca Ramazzotti :$bfondatore del P.I.M.E. /$cP.A. Morelli. 260 $aMilano :$bPontificio Istituto Missioni Estere,$cimprimatur 1961. 300 $a49 p. ;$c15 cm. 650 4$aMissioni.$0(OLS)http://semarc/subject/3486 650 4$aRamazzotti, Angelo .$0(OLS)http://semarc/subject/11469 850 $aSeMil 852 $aSeMil$W1$xVenegono$y1$m5D VII 13/16$j104106$B104106$CSeMilBibl$Z2$F113144 $81 961 $aRecupero: Altro 996 $6245$aLa spiritualitā missionaria del Patriarca Ramazzotti :$bfondatore del P.I.M.E.$9(OLS)http://semarc/title/222410 996 $6260$aMilano :$bPontificio Istituto Missioni Estere$9(OLS)http://semarc/publisher/30755 LEADER 01183nam a2200217 i 4500 001 000000228402 003 CaOOAMICUS 005 20140326000000.0 008 140326s2010 it u000 u ita u 013 $a207304 040 $aSeMil$bita 245 12$aL'educazione č cosa di cuore, e le chiavi del cuore le possiede solo Dio :$bil Sistema preventivo: la risposta di don Bosco all'emergenza educativa. 260 $aMilano :$bIspettoria salesiana Lombardo-emiliana,$c2010. 300 $a141 p. :$bill. ;$c30 cm. 500 $aTesti, documenti, pannelli per la Mostra al Meeting dell'Amicizia tra i popoli, Rimini, agosto 2010. 650 4$aBosco, Giovanni - Pensiero pedagogico.$0(OLS)http://semarc/subject/2508 850 $aSeMil 852 $aSeMil$W1$xVenegono$y1$m3H VI 41$j178748$B178748$CSeMilBibl$Z2$F190057 $81 961 $aOmaggio: Scola Card. Angelo 996 $6245$aL'educazione č cosa di cuore, e le chiavi del cuore le possiede solo Dio :$bil Sistema preventivo: la risposta di don Bosco all'emergenza educativa$9(OLS)http://semarc/title/409716 996 $6260$aMilano :$bIspettoria salesiana Lombardo-emiliana$9(OLS)http://semarc/publisher/53645